|
|
|
|
| LEADER |
00000nab a2200000 4500 |
| 001 |
vtls008695100 |
| 003 |
SK-MaSNL |
| 005 |
20260303074020.0 |
| 008 |
150420 1963 xo p 000 0 slo |
| 015 |
|
|
|a SNBRRADKK190120XX
|
| 035 |
|
|
|a CLAS02vtls000012620
|
| 040 |
|
|
|a SNKBUDKK
|b slo
|c SNKBUDKK
|e AACR2
|
| 041 |
0 |
|
|a slo
|
| 044 |
|
|
|a xo
|c SK
|
| 080 |
|
|
|a 016
|2 1981
|
| 080 |
|
|
|a 929 Ďurikovič, Juraj
|2 1997
|
| 100 |
1 |
|
|a Kuzmík, Jozef,
|d 1921-2001
|4 aut
|9 88876
|
| 245 |
1 |
0 |
|a Juraj Ďurikovič a jeho bibliografia z r. 1805
|c Jozef Kuzmík
|
| 500 |
|
|
|a Rubrika: Referáty, zprávy, recenzie
|
| 504 |
|
|
|a Pozn. a lit. pod textom
|
| 600 |
1 |
7 |
|a Ďurikovič, Juraj,
|d 1783-1848
|2 SNKBUDKK
|
| 650 |
0 |
7 |
|a špeciálna bibliografia
|2 SNKBUDKK
|9 1076522
|
| 773 |
0 |
|
|t Bibliografický sborník 1963
|d Martin : Matica slovenská, 1963
|g S. 175-179
|
| 787 |
0 |
8 |
|i Rec.:
|a Ďurikovič, Juraj
|t Bibliotheca Hungariae seu Index Scriptorum publico-politico-historico-geographico-physicorum domi forisgue editorum, et Manusscriptorum de Hungaria et Partibus eidem adnexis...
|d Posonii, 1805
|
| 850 |
|
|
|a SNK
|
| 852 |
|
|
|a SNK
|b KIS3GCP
|
| 856 |
4 |
1 |
|u http://www.viks.sk/dkk/bs63_175_179.doc
|y plný text
|
| 910 |
|
|
|a bdkk
|a memoriask
|
| 999 |
|
|
|c 1769868
|d 1771798
|